[Event "Panevezys op-B"]
[Site "Panevezys"]
[Date "2022.07.03"]
[Round "7"]
[White "Staskeviciute, Darija"]
[Black "Zaura, Vidmantas"]
[Result "1/2-1/2"]
[WhiteElo "1488"]
[BlackElo "2000"]
[PlyCount "119"]
[EventDate "2022.07.01"]
[EventType "swiss"]
[EventRounds "7"]
[EventCountry "LTU"]
[SourceTitle "EXT 2023"]
[Source "ChessBase"]
[SourceDate "2022.10.05"]
[SourceVersion "1"]
[SourceVersionDate "2022.10.05"]
[SourceQuality "1"]

1. d4 Nf6 2. c4 e5 3. d5 Bc5 4. Nc3 d6 5. e4 h6 6. h3 a5 7. Bd3 0-0 8. Nge2 Re8 9. 0-0 c6 10. Bc2 Bd7 11. Kh1 Na6 12. a3 cxd5 13. Nxd5 b5 14. cxb5 Bxb5 15. Bd3 Bxd3 16. Qxd3 Nxd5 17. Qxd5 Nc7 18. Qd3 Ne6 19. Be3 Qb6 20. Bxc5 Nxc5 21. Qc2 Rab8 22. Rab1 Qb3 23. Qd2 Nxe4 24. Qxa5 Qc2 25. Qe1 Rxb2 26. Rxb2 Qxb2 27. a4 Nc5 28. Qd1 e4 29. Ng3 Qe5 30. Ne2 Nd3 31. Qd2 Rb8 32. Kg1 Rb2 33. Qd1 Qc5 34. h4 d5 35. g3 g5 36. hxg5 hxg5 37. Kg2 Qc2 38. Qxc2 Rxc2 39. Nd4 Ra2 40. Nf5 Kf8 41. Kg1 Rxa4 42. Rd1 Ra2 43. Rf1 f6 44. Nd4 Kf7 45. Nf5 Rc2 46. Ne3 Rc5 47. Rd1 d4 48. Nf1 Rc1 49. Rxc1 Nxc1 50. Kg2 Ke6 51. Nd2 Kd5 52. Kf1 f5 53. Ke1 Nd3+ 54. Ke2 Ne5 55. Kd1 d3 56. Ke1 Nf3+ 57. Nxf3 exf3 58. Kd2 Kd4 59. Kd1 f4 60. g4 1/2-1/2

[Event "LTU-ch U18 Girls"]
[Site "Vilnius"]
[Date "2021.06.06"]
[Round "7"]
[White "Perminaite, Simona"]
[Black "Staskeviciute, Darija"]
[Result "1-0"]
[WhiteElo "1384"]
[BlackElo "1564"]
[PlyCount "61"]
[EventDate "2021.06.02"]
[EventType "tourn"]
[EventRounds "7"]
[EventCountry "LTU"]
[SourceTitle "EXT 2023"]
[Source "ChessBase"]
[SourceDate "2022.10.05"]
[SourceVersion "1"]
[SourceVersionDate "2022.10.05"]
[SourceQuality "1"]

1. e4 c5 2. d3 Nc6 3. g3 g6 4. Bg2 Bg7 5. f4 e6 6. Nf3 Nge7 7. c3 0-0 8. 0-0 Rb8 9. Be3 d6 10. Na3 b5 11. Nc2 b4 12. d4 d5 13. e5 c4 14. g4 Qc7 15. Qe1 Bd7 16. h4 a5 17. Bh3 Rb7 18. Rf2 Rfb8 19. Rg2 h6 20. h5 Kh7 21. Qh4 Rf8 22. g5 Nf5 23. Bxf5 exf5 24. Rh2 Qd8 25. Qh3 Rh8 26. gxh6 gxh5 27. hxg7 Kxg7 28. Qg3+ Kf8 29. Rg2 Qc8 30. Qg7+ Ke7 31. Qf6+ 1-0

[Event "LTU-ch blind and visually impaired (W)"]
[Site "Kaunas"]
[Date "2018.04.10"]
[Round "5.2"]
[White "Skerute, Irena"]
[Black "Staskeviciute, Darija"]
[Result "0-1"]
[WhiteElo "1416"]
[BlackElo "1419"]
[PlyCount "68"]
[EventDate "2018.04.07"]
[EventType "tourn"]
[EventRounds "6"]
[EventCountry "LTU"]
[SourceTitle "EXT 2024"]
[Source "ChessBase"]
[SourceDate "2023.10.10"]
[SourceVersion "1"]
[SourceVersionDate "2023.10.10"]
[SourceQuality "1"]

1. c4 e5 2. Nc3 Nc6 3. Nf3 g6 4. g3 Bg7 5. Bg2 Nge7 6. 0-0 0-0 7. e4 d6 8. a3 a5 9. d3 h6 10. Be3 Be6 11. Qd2 Kh7 12. Rac1 Qd7 13. Nd5 f5 14. Nxe7 Nxe7 15. c5 d5 16. exf5 Bxf5 17. d4 e4 18. Ne5 Qe6 19. f4 exf3 20. Nxf3 Nc6 21. Rce1 Qd7 22. Ne5 Nxe5 23. dxe5 c6 24. Bf4 g5 25. Be3 Rae8 26. Qxa5 Bxe5 27. Qb4 Qg7 28. g4 Bg6 29. Rxf8 Rxf8 30. Re2 Re8 31. Qd2 d4 32. Bxg5 hxg5 33. Qxg5 Bxh2+ 34. Kxh2 Rxe2 0-1

[Event "Panevezys op-B"]
[Site "Panevezys"]
[Date "2017.07.06"]
[Round "5"]
[White "Krizanauskas, Mantvydas"]
[Black "Staskeviciute, Darija"]
[Result "0-1"]
[WhiteElo "1133"]
[BlackElo "1392"]
[PlyCount "74"]
[EventDate "2017.07.03"]
[EventType "swiss"]
[EventRounds "9"]
[EventCountry "LTU"]
[SourceTitle "EXT 2018"]
[Source "ChessBase"]
[SourceDate "2017.10.13"]
[SourceVersion "1"]
[SourceVersionDate "2017.10.13"]
[SourceQuality "1"]

1. d4 d5 2. g3 Nf6 3. Bg2 c6 4. Nf3 Bf5 5. Bf4 e6 6. 0-0 Be7 7. Nbd2 0-0 8. Ne5 Nbd7 9. Ndf3 Rc8 10. Rc1 c5 11. c3 Qb6 12. Bg5 Bd6 13. Bf4 Be7 14. Bg5 Rfe8 15. Bxf6 Nxf6 16. Qd2 Ne4 17. Qe3 Rc7 18. b3 Rec8 19. Nh4 Bxh4 20. gxh4 h6 21. f3 cxd4 22. cxd4 Rxc1 23. Rxc1 Rxc1+ 24. Qxc1 Qxd4+ 25. e3 Qxe5 26. fxe4 Bxe4 27. Qc8+ Kh7 28. Bxe4+ Qxe4 29. Qxb7 Qxe3+ 30. Kh1 Qe4+ 31. Kg1 Qb1+ 32. Kg2 Qxa2+ 33. Kg3 f6 34. h5 Qb1 35. Qb5 Qg1+ 36. Kh3 Qe3+ 37. Kg4 Qg5+ 0-1

[Event "Panevezys op-B"]
[Site "Panevezys"]
[Date "2017.07.04"]
[Round "2"]
[White "Barsciauskas, Gintautas"]
[Black "Staskeviciute, Darija"]
[Result "1-0"]
[WhiteElo "1646"]
[BlackElo "1392"]
[PlyCount "75"]
[EventDate "2017.07.03"]
[EventType "swiss"]
[EventRounds "9"]
[EventCountry "LTU"]
[SourceTitle "EXT 2018"]
[Source "ChessBase"]
[SourceDate "2017.10.13"]
[SourceVersion "1"]
[SourceVersionDate "2017.10.13"]
[SourceQuality "1"]

1. b3 d5 2. Bb2 Bf5 3. Nf3 e6 4. g3 Nf6 5. Bg2 Be7 6. d3 c5 7. Nbd2 Nc6 8. 0-0 0-0 9. Nh4 Bg6 10. h3 Nd7 11. Nxg6 hxg6 12. e4 d4 13. f4 e5 14. Nf3 Bf6 15. a3 Qb6 16. Bc1 a5 17. a4 Rfe8 18. Nh2 Be7 19. Bd2 Rac8 20. Ng4 Bd6 21. Rf2 Rf8 22. f5 gxf5 23. exf5 Be7 24. Re2 Bd6 25. Nf2 Ne7 26. g4 Nf6 27. Re1 Rfe8 28. Ne4 Nxe4 29. Bxe4 Bc7 30. g5 Rcd8 31. Qg4 Rd6 32. Rf1 Rf8 33. Rf2 Re8 34. Raf1 Nd5 35. f6 Red8 36. fxg7 R8d7 37. Qh5 Kxg7 38. Qh7+ 1-0

[Event "LTU-ch Blind and Visually Impaired"]
[Site "Kaunas"]
[Date "2017.02.12"]
[Round "9.4"]
[White "Staskeviciute, Darija"]
[Black "Grybas, Gintaras"]
[Result "0-1"]
[WhiteElo "1319"]
[BlackElo "2028"]
[PlyCount "56"]
[EventDate "2017.02.07"]
[EventType "tourn"]
[EventRounds "8"]
[EventCountry "LTU"]
[SourceTitle "EXT 2024"]
[Source "ChessBase"]
[SourceDate "2023.10.10"]
[SourceVersion "1"]
[SourceVersionDate "2023.10.10"]
[SourceQuality "1"]

1. e4 c6 2. d4 d5 3. Nc3 dxe4 4. Nxe4 Bf5 5. Ng3 Bg6 6. h4 h6 7. Nf3 Nd7 8. h5 Bh7 9. Bd3 Bxd3 10. Qxd3 Ngf6 11. Bd2 e6 12. 0-0-0 Bd6 13. Ne4 Nxe4 14. Qxe4 Nf6 15. Qe2 Qc7 16. g3 b5 17. Kb1 b4 18. Qc4 a5 19. Be1 0-0 20. Rh4 Rfb8 21. Rd3 a4 22. g4 Nd5 23. Ne5 Bxe5 24. dxe5 Qxe5 25. Rh1 b3 26. cxb3 axb3 27. a3 Qe2 28. Rg1 Rxa3 0-1

[Event "LTU-ch Blind and Visually Impaired"]
[Site "Kaunas"]
[Date "2017.02.07"]
[Round "1.1"]
[White "Kuvsinov, Anatolij"]
[Black "Staskeviciute, Darija"]
[Result "1-0"]
[WhiteElo "1804"]
[BlackElo "1319"]
[PlyCount "131"]
[EventDate "2017.02.07"]
[EventType "tourn"]
[EventRounds "8"]
[EventCountry "LTU"]
[SourceTitle "EXT 2024"]
[Source "ChessBase"]
[SourceDate "2023.10.10"]
[SourceVersion "1"]
[SourceVersionDate "2023.10.10"]
[SourceQuality "1"]

1. e4 c5 2. Nf3 Nc6 3. c4 Nf6 4. Nc3 e6 5. d3 Qc7 6. g3 a6 7. Bg2 Be7 8. 0-0 0-0 9. Re1 Ng4 10. Ng5 Nge5 11. h4 b6 12. f4 f6 13. Nh3 Nf7 14. Be3 Bb7 15. Qd2 Nd4 16. Ne2 Nxe2+ 17. Rxe2 Nd8 18. Nf2 Nc6 19. Qc3 Rad8 20. a3 Na5 21. b4 Nc6 22. Rb2 Na7 23. Rab1 cxb4 24. axb4 d5 25. exd5 exd5 26. Qd4 Nc8 27. Bxd5+ Bxd5 28. cxd5 Qb7 29. Rc2 Rxd5 30. Qe4 b5 31. Rbc1 Rd7 32. Qxb7 Rxb7 33. Rxc8 Bxb4 34. Rxf8+ Kxf8 35. Bc5+ Bxc5 36. Rxc5 b4 37. Nd1 Ra7 38. Nb2 a5 39. Na4 Rd7 40. Nb2 a4 41. Nxa4 Rxd3 42. Kf2 Ra3 43. Nb6 b3 44. Rb5 Ra2+ 45. Kf3 Rb2 46. Nc4 Rc2 47. Ne3 Rb2 48. Ke4 Rb1 49. Nc4 Rc1 50. Kd4 Rd1+ 51. Ke4 Rc1 52. Nd2 Rc2 53. Kd3 Rc1 54. Rxb3 Rg1 55. Ke4 Re1+ 56. Kf5 Rc1 57. Ne4 Rc6 58. h5 Kf7 59. Rb7+ Kf8 60. Rd7 Rb6 61. Rd6 Rb4 62. Rd8+ Kf7 63. Rd7+ Kf8 64. Rd6 Kf7 65. Nxf6 gxf6 66. Rxf6+ 1-0

[Event "Plunge op 36th"]
[Site "Plateliai"]
[Date "2016.07.24"]
[Round "9"]
[White "Staskeviciute, Darija"]
[Black "Griksaite, Leva"]
[Result "0-1"]
[WhiteElo "1361"]
[BlackElo "1235"]
[PlyCount "118"]
[EventDate "2016.07.18"]
[EventType "swiss"]
[EventRounds "9"]
[EventCountry "LTU"]
[SourceTitle "EXT 2018"]
[Source "ChessBase"]
[SourceDate "2017.10.13"]
[SourceVersion "1"]
[SourceVersionDate "2017.10.13"]
[SourceQuality "1"]

1. d4 Nf6 2. c4 g6 3. Nc3 d5 4. Bg5 c6 5. e3 Bg7 6. Bd3 0-0 7. h3 Qb6 8. Qc2 e6 9. 0-0-0 c5 10. Nf3 cxd4 11. Nxd4 Nc6 12. Nb3 Nb4 13. Qe2 Nxd3+ 14. Qxd3 dxc4 15. Qxc4 h6 16. Bf4 Bd7 17. Rd6 Rac8 18. Rxb6 Rxc4 19. Rxb7 Ra8 20. Rg1 Bc6 21. Na5 Rxc3+ 22. bxc3 Bxb7 23. Nxb7 Nd5 24. c4 Nxf4 25. exf4 Rc8 26. c5 Rc7 27. Nd6 Rxc5+ 28. Kb1 Rd5 29. Ne8 Bh8 30. Kc2 Kf8 31. Rb1 Kxe8 32. Rb8+ Rd8 33. Rb7 Bd4 34. f3 Bb6 35. g4 Rd7 36. Rb8+ Rd8 37. Rb7 Ra8 38. Kd3 Rd8+ 39. Kc2 Kf8 40. h4 Rd4 41. f5 exf5 42. gxf5 Rxh4 43. fxg6 fxg6 44. Rb8+ Kf7 45. Rb7+ Kf6 46. Rd7 Rf4 47. Rd3 Rc4+ 48. Kd1 Rd4 49. Rxd4 Bxd4 50. Ke2 Kf5 51. Kf1 Kf4 52. Kg2 a5 53. a4 g5 54. Kh3 Kxf3 55. Kh2 g4 56. Kh1 Bc5 57. Kh2 g3+ 58. Kh1 g2+ 59. Kh2 g1Q+ 0-1

[Event "Plunge op 36th"]
[Site "Plateliai"]
[Date "2016.07.23"]
[Round "8"]
[White "Idzeliene, Asta"]
[Black "Staskeviciute, Darija"]
[Result "1-0"]
[WhiteElo "1634"]
[BlackElo "1361"]
[PlyCount "91"]
[EventDate "2016.07.18"]
[EventType "swiss"]
[EventRounds "9"]
[EventCountry "LTU"]
[SourceTitle "EXT 2018"]
[Source "ChessBase"]
[SourceDate "2017.10.13"]
[SourceVersion "1"]
[SourceVersionDate "2017.10.13"]
[SourceQuality "1"]

1. g3 g6 2. c4 e5 3. Bg2 Bg7 4. Nc3 Nc6 5. d3 Nf6 6. Bg5 0-0 7. Qd2 d6 8. Nd5 Be6 9. Nxf6+ Bxf6 10. h4 Be7 11. Bxe7 Qxe7 12. Nf3 Rab8 13. h5 Qd7 14. hxg6 fxg6 15. Ng5 h5 16. Nxe6 Rf6 17. Ng5 Rbf8 18. Ne4 R6f7 19. Qg5 Kh7 20. Bh3 Qe7 21. g4 Nd4 22. Kd2 Rg7 23. gxh5 Qxg5+ 24. Nxg5+ Kh6 25. Ne4 gxh5 26. Rag1 Rxg1 27. Rxg1 a6 28. f3 b6 29. Ng5 Re8 30. e3 Nxf3+ 31. Nxf3 Rf8 32. Ke2 a5 33. Nh4 Rf7 34. Bf5 Rg7 35. Rxg7 Kxg7 36. Kf3 Kf7 37. e4 Ke7 38. Ng6+ Kd8 39. Kg3 Ke8 40. Kh4 Kd8 41. Kxh5 Ke8 42. Kg5 Kd8 43. Nf8 Ke7 44. Ne6 Kd7 45. Nd4+ Kd8 46. Nb5 1-0

[Event "Plunge op 36th"]
[Site "Plateliai"]
[Date "2016.07.22"]
[Round "7"]
[White "Staskeviciute, Darija"]
[Black "Golsta, Madara"]
[Result "0-1"]
[WhiteElo "1361"]
[BlackElo "1691"]
[PlyCount "82"]
[EventDate "2016.07.18"]
[EventType "swiss"]
[EventRounds "9"]
[EventCountry "LTU"]
[SourceTitle "EXT 2018"]
[Source "ChessBase"]
[SourceDate "2017.10.13"]
[SourceVersion "1"]
[SourceVersionDate "2017.10.13"]
[SourceQuality "1"]

1. d4 Nf6 2. c4 c5 3. Nf3 g6 4. Nc3 Bg7 5. d5 d6 6. e4 Bg4 7. Be3 Nbd7 8. h3 Bxf3 9. Qxf3 0-0 10. 0-0-0 a6 11. Qe2 b5 12. Qc2 b4 13. Ne2 b3 14. axb3 Qa5 15. f3 Rfb8 16. Rd3 Qb6 17. Nc3 Ne5 18. Na4 Nxd3+ 19. Bxd3 Qxb3 20. Qxb3 Rxb3 21. Kc2 Rab8 22. Kd2 R3b4 23. Ra1 Nd7 24. Bg5 Rxb2+ 25. Nxb2 Rxb2+ 26. Ke3 Rxg2 27. Rxa6 Rxg5 28. Ra8+ Nf8 29. Bf1 Bd4+ 30. Ke2 Kg7 31. Ra7 e6 32. Rb7 exd5 33. exd5 Re5+ 34. Kd1 Re3 35. Be2 h5 36. Rb6 Be5 37. Rb7 Nh7 38. Kd2 Bf4 39. Ke1 Ng5 40. h4 Nxf3+ 41. Kf2 Nxh4 0-1

[Event "Panevezys op-C"]
[Site "Panevezys"]
[Date "2016.06.12"]
[Round "8"]
[White "Staskeviciute, Darija"]
[Black "Zukauskas, Laurynas"]
[Result "1-0"]
[WhiteElo "1357"]
[BlackElo "1138"]
[PlyCount "51"]
[EventDate "2016.06.09"]
[EventType "swiss"]
[EventRounds "8"]
[EventCountry "LTU"]
[SourceTitle "CBM 172 Extra"]
[Source "ChessBase"]
[SourceDate "2016.06.21"]
[SourceVersion "1"]
[SourceVersionDate "2016.06.21"]
[SourceQuality "1"]

1. d4 d5 2. Nf3 Bf5 3. Bf4 Nf6 4. c4 c6 5. e3 e6 6. Nc3 Bd6 7. Be5 0-0 8. Bd3 Bg4 9. 0-0 Qe7 10. Bxd6 Qxd6 11. Qe2 Nbd7 12. Rfd1 e5 13. dxe5 Nxe5 14. cxd5 cxd5 15. Bc2 Rad8 16. e4 Be6 17. exd5 Nxf3+ 18. gxf3 Nxd5 19. Qe4 g6 20. Rd2 Bf5 21. Qa4 Bh3 22. Nxd5 Qe5 23. f4 Qe6 24. Qe4 Qg4+ 25. Kh1 Rfe8 26. Nf6+ 1-0

[Event "LTU-ch Blind and Visually Impaired (W)"]
[Site "Vilnius"]
[Date "2016.04.23"]
[Round "3.1"]
[White "Skerute, Irena"]
[Black "Staskeviciute, Darija"]
[Result "1-0"]
[WhiteElo "1390"]
[BlackElo "1377"]
[PlyCount "95"]
[EventDate "2016.04.21"]
[EventType "tourn"]
[EventRounds "5"]
[EventCountry "LTU"]
[SourceTitle "EXT 2024"]
[Source "ChessBase"]
[SourceDate "2023.10.10"]
[SourceVersion "1"]
[SourceVersionDate "2023.10.10"]
[SourceQuality "1"]

1. c4 e5 2. Nc3 Nc6 3. Nf3 Nf6 4. d3 d6 5. Bg5 Be6 6. Ne4 Be7 7. Nxf6+ Bxf6 8. Bxf6 Qxf6 9. Rc1 0-0 10. g3 Qh6 11. h4 Rad8 12. Bg2 f5 13. Ng5 Kh8 14. e3 Bg8 15. 0-0 Qf6 16. Qa4 d5 17. b3 Qg6 18. Qb5 Ne7 19. Qxb7 Qb6 20. Qxb6 cxb6 21. cxd5 Nxd5 22. a3 Nf6 23. Rc3 Nd7 24. b4 Rc8 25. Rfc1 Rxc3 26. Rxc3 Nf6 27. Rc7 Rd8 28. Bf1 Ra8 29. Nf7+ Bxf7 30. Rxf7 h6 31. Re7 Ng4 32. Be2 Rd8 33. Rxa7 Nf6 34. Rb7 Rd6 35. Kg2 Nd5 36. Bf3 Nf6 37. d4 exd4 38. exd4 Nd7 39. d5 Ne5 40. a4 Nc4 41. Re7 Nd2 42. Re6 Nc4 43. Rxd6 Nxd6 44. a5 bxa5 45. bxa5 Nc8 46. a6 Kg8 47. d6 Nxd6 48. a7 1-0

[Event "LTU-ch (Women)"]
[Site "Vilnius"]
[Date "2016.03.10"]
[Round "6"]
[White "Malisauskiene, Marina"]
[Black "Staskeviciute, Darija"]
[Result "1-0"]
[WhiteElo "1940"]
[BlackElo "1472"]
[PlyCount "101"]
[EventDate "2016.03.06"]
[EventType "swiss"]
[EventRounds "7"]
[EventCountry "LTU"]
[SourceTitle "CBM 171 Extra"]
[Source "ChessBase"]
[SourceDate "2016.04.26"]
[SourceVersion "1"]
[SourceVersionDate "2016.04.26"]
[SourceQuality "1"]

1. d4 d5 2. Nf3 Nf6 3. c4 dxc4 4. e3 e6 5. Bxc4 c5 6. 0-0 a6 7. a4 Nc6 8. Qe2 cxd4 9. Rd1 Qa5 10. exd4 Be7 11. Nc3 b5 12. axb5 Qxa1 13. bxc6 Qa5 14. d5 Qc7 15. dxe6 fxe6 16. Bxe6 Bxe6 17. Qxe6 Qc8 18. Qc4 h6 19. Bf4 Rf8 20. Na4 a5 21. Nb6 Qa6 22. Qxa6 Rxa6 23. c7 Kf7 24. c8Q Rxc8 25. Nxc8 Bb4 26. Nd6+ Kg6 27. Nc4 Re6 28. g3 Re2 29. Nd4 Re8 30. Nc6 Ra8 31. Nxb4 axb4 32. b3 Ra2 33. h3 h5 34. Bd6 Ne4 35. Bxb4 Nxf2 36. Rd6+ Kh7 37. h4 Nh3+ 38. Kf1 Ra1+ 39. Kg2 Ng1 40. Rd2 Rb1 41. Na5 Re1 42. Rf2 Re4 43. Nc4 Ne2 44. Kf3 Rxc4 45. bxc4 Nd4+ 46. Ke4 Nc6 47. Bc3 Nd8 48. Kd5 Kg8 49. c5 Kh7 50. Rf8 Nb7 51. c6 1-0

[Event "LTU-ch (Women)"]
[Site "Vilnius"]
[Date "2016.03.08"]
[Round "4"]
[White "Butvilaite, Berta Reja"]
[Black "Staskeviciute, Darija"]
[Result "1-0"]
[WhiteElo "1825"]
[BlackElo "1472"]
[PlyCount "105"]
[EventDate "2016.03.06"]
[EventType "swiss"]
[EventRounds "7"]
[EventCountry "LTU"]
[SourceTitle "CBM 171 Extra"]
[Source "ChessBase"]
[SourceDate "2016.04.26"]
[SourceVersion "1"]
[SourceVersionDate "2016.04.26"]
[SourceQuality "1"]

1. e4 c5 2. c3 d5 3. exd5 Qxd5 4. d4 cxd4 5. cxd4 Nc6 6. Nf3 e5 7. Nc3 Bb4 8. dxe5 Qxd1+ 9. Kxd1 Bg4 10. Be2 0-0-0+ 11. Bd2 Nge7 12. Rc1 Kb8 13. Ke1 Ng6 14. a3 Ba5 15. b4 Bc7 16. Nb5 Bb6 17. Bg5 Rd5 18. Nc3 Bxf3 19. gxf3 Rxe5 20. f4 Ree8 21. f5 Nge5 22. Kf1 f6 23. Bf4 Ka8 24. Nd5 Rd8 25. Nxb6+ axb6 26. Rg1 Rhg8 27. Be3 Nd4 28. Rc7 Nxf5 29. Bxb6 Rd7 30. Rxd7 Nxd7 31. Bc7 Nd4 32. Bd3 g6 33. a4 Ne5 34. Be4 Ka7 35. a5 Nb5 36. Bb6+ Ka6 37. Kg2 Rc8 38. Rd1 Nc4 39. Rd7 Nxb6 40. Bxb7+ Ka7 41. axb6+ Kb8 42. Bxc8 Kxc8 43. Rxh7 Nd6 44. Rh6 Nc4 45. Rxg6 Nxb6 46. Rxf6 Nd5 47. Rc6+ Kb7 48. b5 Nb4 49. h4 Nxc6 50. bxc6+ Kxc6 51. h5 Kd7 52. h6 Ke7 53. h7 1-0

[Event "LTU-chT (Women)"]
[Site "Vilnius"]
[Date "2016.01.23"]
[Round "1.3"]
[White "Butvilaite, Berta Reja"]
[Black "Staskeviciute, Darija"]
[Result "1-0"]
[WhiteElo "1825"]
[BlackElo "1472"]
[PlyCount "65"]
[EventDate "2016.01.23"]
[EventType "team-swiss"]
[EventRounds "7"]
[EventCountry "LTU"]
[SourceTitle "EXT 2017"]
[Source "ChessBase"]
[SourceDate "2016.10.25"]
[SourceVersion "1"]
[SourceVersionDate "2016.10.25"]
[SourceQuality "1"]
[WhiteTeam "Siauliai Fortuna (W)"]
[BlackTeam "LASF (W)"]
[WhiteTeamCountry "LTU"]
[BlackTeamCountry "LTU"]

1. e4 c5 2. c3 d5 3. exd5 Qxd5 4. d4 Nf6 5. Nf3 Bg4 6. dxc5 Qxd1+ 7. Kxd1 e6 8. b4 Nc6 9. Be2 Be7 10. h3 Bh5 11. Ke1 Rc8 12. Nbd2 Nd5 13. Bb2 Nf4 14. g4 Nxe2 15. Kxe2 Bg6 16. a3 0-0 17. h4 h5 18. Rag1 hxg4 19. Rxg4 Bh5 20. Rg3 Bf6 21. Ne4 Be7 22. c4 f6 23. Rhg1 Rf7 24. Nd6 Bxd6 25. cxd6 Ne5 26. Bxe5 fxe5 27. Ke3 Bxf3 28. Rxf3 Rxf3+ 29. Kxf3 Rxc4 30. Rd1 Rc8 31. Ke4 Rd8 32. Kxe5 Kf7 33. Rc1 1-0

[Event "Panevezys op U1600"]
[Site "Panevezys"]
[Date "2015.12.06"]
[Round "7"]
[White "Pucius, Benas"]
[Black "Staskeviciute, Darija"]
[Result "0-1"]
[WhiteElo "1321"]
[BlackElo "1383"]
[PlyCount "52"]
[EventDate "2015.12.04"]
[EventType "swiss"]
[EventRounds "8"]
[EventCountry "LTU"]
[SourceTitle "CBM 169 Extra"]
[Source "ChessBase"]
[SourceDate "2015.12.18"]
[SourceVersion "1"]
[SourceVersionDate "2015.12.18"]
[SourceQuality "1"]

1. e4 c5 2. Nc3 Nc6 3. Nf3 g6 4. Bc4 Bg7 5. b3 e6 6. Bb2 Nge7 7. Qe2 b6 8. d3 Bb7 9. a3 0-0 10. Na4 a6 11. Bxg7 Kxg7 12. d4 b5 13. Nxc5 Bc8 14. Bd3 d6 15. Nxa6 Bxa6 16. a4 Qa5+ 17. Nd2 Nxd4 18. Qe3 e5 19. Rc1 Qc3 20. 0-0 Qc5 21. c3 Ne6 22. Qxc5 Nxc5 23. Bxb5 Bxb5 24. axb5 Ra2 25. b4 Rxd2 26. bxc5 dxc5 0-1